| 000 | 00591nam a2200181 4500 | ||
|---|---|---|---|
| 001 | 108252 | ||
| 003 | ES-MaACL | ||
| 005 | 20260215162911.0 | ||
| 007 | t| | ||
| 008 | 061121s1907 fr r ||||1| fre d | ||
| 100 | 1 |
_aMoll-Weiss, Augusta. _982042 |
|
| 245 | 1 | 3 |
_aLa cuisine rationnelle des malades et des bien portants _b: ( la substance alimentaire et son emploi) / _cAugusta Moll-Weiss; préface A. Mathieu. |
| 260 |
_aParís : _bOctave Doin, _c1907. |
||
| 300 |
_aIV, 524 p. ; _c20 cm. |
||
| 700 | 1 |
_aMathieu, Albert _979042 |
|
| 852 |
_aES-MaACL _jF-13459 |
||
| 999 |
_c108252 _d108252 |
||